| 000 | 01160nam a2200241Ia 4500 | ||
|---|---|---|---|
| 003 | OSt | ||
| 005 | 20220923220750.0 | ||
| 006 | a|||||r|||| 00| 0 | ||
| 007 | ta | ||
| 008 | 220922b |||||||| |||| 00| 0 hin d | ||
| 024 | _a190,170 | ||
| 037 | _cTextual | ||
| 040 |
_aARTS _cARTS _bhin |
||
| 041 |
_2hin _ahin |
||
| 082 | _aP152:g(Y), 152L6;N0 | ||
| 100 |
_aश्रीवास्तव, रवीन्द्रनाथ, सम्प; सहाय, रमानाथ, सम्प _9164603 |
||
| 245 | 0 | _aहिंदी का सामाजिक संदर्भ, संपा रवीन्दनाथ श्रीवास्तव एंव समानाथ सहाय | |
| 246 | _aHiandī kā sāmājik sandarbha, sanpā0 ravīndanāth shrīvāstav eanva samānāth sahāya | ||
| 260 |
_aआगरा _b केंदीय हिंदी संस्थान _c1990 |
||
| 300 |
_a10]295पृ. _ccm. |
||
| 942 |
_hP152:g(Y), 152L6;N0 _cTEXL _2CC |
||
| 999 |
_c342961 _d342961 |
||